| 000 | 00975nam a2200229 i 4500 | ||
|---|---|---|---|
| 001 | 183406 | ||
| 003 | ES-MaACL | ||
| 005 | 20251009191915.0 | ||
| 008 | 140415s1913 it | |||| ||ita d | ||
| 245 | 0 | 0 |
_aEconomisti del Cinque e Seicento / _ca cura de Augusto Graziani. |
| 260 |
_aBari : _bGius. Laterza & Figli, _c1913. |
||
| 300 |
_a400 p. ; _c21 cm. |
||
| 490 | 1 |
_aScrittori d'Italia ; _v47 |
|
| 505 | 8 | _aContiene: L'alitinonfo / di Gasparo Scaruffi Regiano -- Breve trattato delle cause che possono far abbondare li regni d'oro e argento dove non sono miniere / di Antonio Serra -- La zecca in consulta di stato / Geminiano Montanari | |
| 700 | 1 |
_aGraziani, Augusto. _9127548 |
|
| 700 | 1 |
_aScaruffi Regiano, Gasparo. _9154725 |
|
| 700 | 1 |
_aSerra, Antonio, _dS.XVII _c(economista) _9154726 |
|
| 700 | 1 |
_aMontanari, Geminiano, _d1633-1687 _9154727 |
|
| 830 | 0 | 0 |
_aScrittori d'Italia _v47 _9191925 |
| 852 |
_aES-MaACL _jG-3748 |
||
| 999 |
_c183406 _d183406 |
||